[Event "Euskadi-chT (Vasca) Div 1st"]
[Site "Bergara"]
[Date "2016.??.??"]
[Round "9.1"]
[White "Parron Luceno, David"]
[Black "Hernandorena de la Cruz, Egoi"]
[Result "0-1"]
[WhiteElo "1523"]
[BlackElo "2050"]
[PlyCount "58"]
[EventDate "2016.01.09"]
[EventType "team-tourn"]
[EventRounds "9"]
[EventCountry "ESP"]
[SourceTitle "EXT 2024"]
[Source "ChessBase"]
[SourceDate "2023.10.10"]
[SourceVersion "1"]
[SourceVersionDate "2023.10.10"]
[SourceQuality "1"]

1. b4 f5 2. Bb2 Nf6 3. e3 g6 4. Nf3 Bg7 5. c4 0-0 6. Qc2 d6 7. d3 e5 8. d4 e4 9. Nfd2 Qe7 10. Nc3 b6 11. d5 a5 12. b5 Nbd7 13. g3 Ng4 14. h3 Nge5 15. Be2 Nc5 16. Nb3 Ncd3+ 17. Bxd3 exd3 18. Qd1 Nxc4 19. Qc1 a4 20. Nd2 Nxb2 21. Qxb2 f4 22. Nde4 fxe3 23. fxe3 Qxe4 24. Nxe4 Bxb2 25. Rb1 a3 26. Kd2 Ra4 27. Ng5 Rf2+ 28. Kxd3 Bd7 29. e4 Bxb5+ 0-1

[Event "Donostia Gipuzkoa-ch"]
[Site "San Sebastian"]
[Date "2012.11.03"]
[Round "3"]
[White "Aranzabal Minguez, Alex"]
[Black "Parron Luceno, David"]
[Result "1-0"]
[WhiteElo "1881"]
[BlackElo "1580"]
[PlyCount "67"]
[EventDate "2012.10.20"]
[EventType "swiss"]
[EventRounds "7"]
[EventCountry "ESP"]
[SourceTitle "EXT 2014"]
[Source "ChessBase"]
[SourceDate "2013.11.20"]
[SourceVersion "1"]
[SourceVersionDate "2013.11.20"]
[SourceQuality "1"]

1. d4 d5 2. c4 Nc6 3. Nf3 Nf6 4. Nc3 g6 5. Bg5 Be6 6. c5 Bg7 7. e3 a6 8. Bd3 Bg4 9. 0-0 0-0 10. h3 Bxf3 11. Qxf3 Nb4 12. Be2 h6 13. Bxf6 Bxf6 14. g3 Nc6 15. Qxd5 e6 16. Qxd8 Nxd8 17. Bf3 c6 18. Ne4 Bg7 19. b4 e5 20. Rad1 f5 21. Nd6 e4 22. Be2 Rf6 23. Bc4+ Kf8 24. a4 Ke7 25. b5 Kd7 26. bxa6 bxa6 27. Rb1 Bf8 28. Nb7 Ra7 29. Nxd8 Kxd8 30. a5 f4 31. Rb6 f3 32. Rxa6 Rb7 33. Rb6 Ra7 34. a6 1-0

[Event "San Sebastian Gros op 22nd"]
[Site "San Sebastian"]
[Date "2012.09.20"]
[Round "1"]
[White "Riesco Lecuona, Juan Manuel"]
[Black "Parron Luceno, David"]
[Result "1-0"]
[WhiteElo "1908"]
[BlackElo "1580"]
[PlyCount "33"]
[EventDate "2012.09.20"]
[EventType "swiss"]
[EventRounds "8"]
[EventCountry "ESP"]
[SourceTitle "EXT 2013"]
[Source "ChessBase"]
[SourceDate "2012.11.22"]
[SourceVersion "1"]
[SourceVersionDate "2012.11.22"]
[SourceQuality "1"]

1. e4 e5 2. Nf3 Nc6 3. Bb5 Nf6 4. 0-0 d6 5. Re1 Bg4 6. c3 Be7 7. d3 h6 8. Nbd2 0-0 9. h3 Bd7 10. d4 exd4 11. cxd4 a6 12. Ba4 Re8 13. Nf1 d5 14. e5 Nh7 15. Ne3 b5 16. Bc2 Be6 17. Bxh7+ 1-0

[Event "Gipuzkoa-ch"]
[Site "San Sebastian"]
[Date "2011.10.15"]
[Round "2"]
[White "Segovia Sanchez, Antonio"]
[Black "Parron Luceno, David"]
[Result "1-0"]
[WhiteElo "2006"]
[BlackElo "1582"]
[PlyCount "65"]
[EventDate "2011.10.08"]
[EventType "swiss"]
[EventRounds "7"]
[EventCountry "ESP"]
[SourceTitle "EXT 2024"]
[Source "ChessBase"]
[SourceDate "2023.10.10"]
[SourceVersion "1"]
[SourceVersionDate "2023.10.10"]
[SourceQuality "1"]

1. d4 Nf6 2. Nf3 d5 3. Bf4 Bf5 4. e3 e6 5. Ne5 c6 6. c3 Qb6 7. Qb3 Qxb3 8. axb3 Bc2 9. b4 a6 10. Nd2 Nh5 11. Bg3 Nxg3 12. hxg3 Bd6 13. Nd3 Nd7 14. Nc5 Bxc5 15. bxc5 Bg6 16. Nb3 0-0 17. Na5 Rfb8 18. Ra3 Ra7 19. Kd2 Rc8 20. Rb3 Rc7 21. Be2 Kf8 22. Ra1 e5 23. Ra4 exd4 24. cxd4 Nf6 25. Rab4 Ne4+ 26. Ke1 Nf6 27. Rxb7 Bc2 28. Rxa7 Rxa7 29. Rb8+ Ne8 30. Nxc6 Rc7 31. Nb4 Bb3 32. Nxa6 Ra7 33. Rxb3 1-0